00541nam a2200169Ia 4500008004100000020001500041041001200056082001600068100001500084245003400099260002700133300000700160650001200167942000700179999001500186952017000201221030s9999 xx 000 0 und d a8124201056 aEnglish a105.23bDeu aP. Deussan 0aOutlives of Indian Philosophy bJaico PubaDelhic1996 a57 aGeneral cBK c1249d1249 pBE 3759g55.00l0o105.23 Deur2024-06-13 00:00:00w2022-10-30yBK003Print4070aMIETLIBbMIETLIBcBL-Academic Block B, FL-2, CUP-21, SH-4, R-4d2001-04-2110HBE